000 00663nam a2200205Ii 4500
003 JO-AjNU
008 230605s9999||||xx |||||||||||||| ||und||
040 _aJO-AjNU
_bara
_erda
_cJO-AjNU
041 _aara
050 1 4 _aBP190.5.P6.D34 1993
100 3 _aالدلجي، أحمد بن علي,
_eauthor
_918760
245 0 0 _aالفلاكة والمفلوكون
250 _aط1
264 3 1 _aبيروت: دار الكتب العلمية، 1993
300 _a152ص
336 _atext
_btxt
_2rdacontent
337 _aunmediated
_bn
_2rdamedia
338 _avolume
_bnc
_2rdacarrier
650 4 _aالوعظ والارشاد- الدعوة الاسلامية
_918761
999 _aA6061
_c9629
_d9629